000 00612nam a22002177a 4500
003 UA-OsUOA
001 63493
007 ta
008 20091007b un ||||| |||| 00| 0 ukr d
100 _aСкуба В.
090 _a908
_bС46
942 _cSA
040 _aUA-OsUOA
_bukr
_cUA-OsUOA
_dUA-OsUOA
245 _a"Кандидатський мінімум" Як Арсеній Яценюк складав екзамен у Острозькій академії
300 _aС.1,4
955 _a0
041 _aukr
080 _a908
773 0 _w63492
650 7 _a908 Краєзнавство
_2UDC
999 _c349560
_d349560